Panther Racing Indycar Drivers - Statistics

General Stats
  • This quiz has been taken 3 times
  • The average score is 6 of 22
Answer Stats
Nationality # of
Races
Driver % Correct
Czech Republic 14 Tomas Enge
100%
South Africa 33 Tomas Scheckter
100%
USA 2 Buddy Rice
50%
Colombia 1 Carlos Munoz
50%
USA 37 J.R. Hildebrand
50%
Spain 7 Oriol Servia
50%
Australia 6 Ryan Briscoe
50%
USA 44 Sam Hornish Jr.
50%
Canada 30 Scott Goodyear
50%
USA 1 Billy Boat
0%
USA 6 Buddy Lazier
0%
UK 36 Dan Wheldon
0%
USA 2 Dave Steele
0%
USA 4 Ed Carpenter
0%
Japan 1 Hideki Mutoh
0%
USA 1 John Andretti
0%
Japan 17 Kosuke Matsuura
0%
UK 6 Mark Taylor
0%
USA 1 Robby McGehee
0%
USA 1 Scott Sharp
0%
USA 12 Townsend Bell
0%
Brazil 48 Vitor Meira
0%
No matching quizzes found
Score Distribution
Percent of People with Each Score
Percentile by Number Answered
Your Score History
You have not taken this quiz